000
00284nam a2200133Ia 4500
100
_a
Sridhar/K.T
942
_c
BK
654
_a
programming
245
_a
Programming with PASCAL
260
_b
Oxford
_a
New Delhi
_c
1985
082
_a
1.64241
_b
SRI
300
_a
369
546
_a
ENGLISH
999
_c
27255
_d
27255